[Event "Wch Rapid"]
[Site "Moscow"]
[Date "2019.12.27"]
[Round "10"]
[White "Geller, Jakov"]
[Black "Alekseenko, Kirill"]
[Result "1-0"]
[WhiteElo "2521"]
[BlackElo "2704"]
[PlyCount "77"]
[EventDate "2019.12.26"]
[EventType "swiss (rapid)"]
[EventRounds "15"]
[EventCountry "RUS"]
[SourceTitle "CBM 193 Extra"]
[Source "ChessBase"]
[SourceDate "2020.01.31"]
[SourceVersion "1"]
[SourceVersionDate "2020.01.31"]
[SourceQuality "1"]

1. e4 e5 2. Nf3 Nc6 3. Bc4 Bc5 4. d3 Nf6 5. 0-0 0-0 6. Re1 d6 7. c3 h6 8. a4 a5 9. Nbd2 Ba7 10. h3 Ne7 11. Nf1 Ng6 12. Ng3 c6 13. Bb3 Be6 14. d4 Qd7 15. Be3 exd4 16. Bxd4 Bxd4 17. cxd4 Bxb3 18. Qxb3 Rfe8 19. Rad1 d5 20. e5 Nh7 21. Qc2 Ne7 22. Nh4 Nf8 23. Nhf5 Ne6 24. Re3 Ng6 25. Nh5 Kh8 26. Rg3 Rg8 27. Qd2 Nef4 28. Nfxg7 Rxg7 29. Nxg7 Kh7 30. h4 Rg8 31. h5 Rxg7 32. hxg6+ Nxg6 33. Qc2 Kg8 34. Rdd3 Qf5 35. Rc3 Qf4 36. e6 Qxd4 37. exf7+ Kxf7 38. Rcf3+ Nf4 39. Qf5+ 1-0

[Event "Wch Rapid"]
[Site "Moscow"]
[Date "2019.12.27"]
[Round "8"]
[White "Geller, Jakov"]
[Black "Demchenko, Anton"]
[Result "1/2-1/2"]
[WhiteElo "2521"]
[BlackElo "2642"]
[PlyCount "77"]
[EventDate "2019.12.26"]
[EventType "swiss (rapid)"]
[EventRounds "15"]
[EventCountry "RUS"]
[SourceTitle "CBM 193 Extra"]
[Source "ChessBase"]
[SourceDate "2020.01.31"]
[SourceVersion "1"]
[SourceVersionDate "2020.01.31"]
[SourceQuality "1"]

1. e4 e5 2. Nf3 Nc6 3. Bc4 Nf6 4. d3 Be7 5. 0-0 0-0 6. Re1 d6 7. c3 Kh8 8. h3 h6 9. Nbd2 Be6 10. Bb3 a5 11. a4 Bxb3 12. Qxb3 Qc8 13. Nf1 Nd7 14. d4 exd4 15. cxd4 f5 16. exf5 Rxf5 17. Ng3 Rf8 18. d5 Nce5 19. Nxe5 dxe5 20. Be3 Nf6 21. Rac1 Bd6 22. Bc5 Bxc5 23. Rxc5 b6 24. Rc6 Qd7 25. Rxe5 Rad8 26. Rce6 Nxd5 27. Nh5 Nf4 28. Nxf4 Qd1+ 29. Qxd1 Rxd1+ 30. Re1 Rxe1+ 31. Rxe1 Rxf4 32. b3 Rb4 33. Re3 Kg8 34. Kf1 Kf7 35. Ke2 c5 36. Kd2 c4 37. bxc4 Rxc4 38. Rb3 Rxa4 39. Rxb6 1/2-1/2

[Event "Skolkovo Russian Rapid GP"]
[Site "Skolkovo"]
[Date "2019.09.21"]
[Round "2"]
[White "Geller, Jakov"]
[Black "Lavrov, Maxim"]
[Result "1-0"]
[WhiteElo "2521"]
[BlackElo "2401"]
[PlyCount "49"]
[EventDate "2019.09.21"]
[EventType "swiss (rapid)"]
[EventRounds "11"]
[EventCountry "RUS"]
[SourceTitle "EXT 2020"]
[Source "ChessBase"]
[SourceDate "2019.10.17"]
[SourceVersion "1"]
[SourceVersionDate "2019.10.17"]
[SourceQuality "1"]

1. e4 e5 2. Nf3 Nc6 3. Bc4 Nf6 4. d3 h6 5. 0-0 d6 6. c3 g6 7. Re1 Bg7 8. h3 0-0 9. a4 d5 10. exd5 Nxd5 11. a5 Rb8 12. Nbd2 Re8 13. Ne4 b5 14. axb6 axb6 15. Bxh6 Nxc3 16. Qb3 Nxe4 17. Bxf7+ Kh7 18. Bxe8 Qxe8 19. Bxg7 Nc5 20. Qc3 Bf5 21. Bxe5 Qd7 22. Ng5+ Kh6 23. Qd2 Nxe5 24. Nf7+ Kg7 25. Nxe5 1-0

[Event "Wch Blitz"]
[Site "St Petersburg"]
[Date "2018.12.30"]
[Round "16"]
[White "Geller, Jakov"]
[Black "Anton Guijarro, David"]
[Result "0-1"]
[WhiteElo "2518"]
[BlackElo "2642"]
[PlyCount "94"]
[EventDate "2018.12.29"]
[EventType "swiss (blitz)"]
[EventRounds "21"]
[EventCountry "RUS"]
[SourceTitle "CBM 187 Extra"]
[Source "ChessBase"]
[SourceDate "2018.11.04"]
[SourceVersion "1"]
[SourceVersionDate "2018.11.04"]
[SourceQuality "1"]

1. e4 e5 2. Nf3 Nc6 3. Bc4 Bc5 4. d3 Nf6 5. 0-0 h6 6. c3 d6 7. Re1 a5 8. a4 0-0 9. h3 Be6 10. Nbd2 Bxc4 11. Nxc4 Re8 12. Be3 Bxe3 13. Nxe3 Qd7 14. Nh4 g6 15. Qb3 Kg7 16. Nf3 b6 17. Rad1 Rad8 18. Nd5 Nxd5 19. Qxd5 Ne7 20. Qc4 Qc6 21. Nd2 Qxc4 22. Nxc4 f5 23. f3 Nc6 24. Ne3 Ne7 25. Kf2 Kf6 26. Nc4 Nc6 27. Na3 Rd7 28. Nb5 Rde7 29. g3 h5 30. h4 Nd8 31. exf5 gxf5 32. d4 Nc6 33. d5 Nb8 34. b4 Na6 35. Rb1 Rg8 36. Na3 Reg7 37. Rg1 axb4 38. cxb4 f4 39. a5 bxa5 40. bxa5 Rxg3 41. Rxg3 fxg3+ 42. Kg2 Nc5 43. Nc4 Nd3 44. a6 Nf4+ 45. Kg1 g2 46. a7 Nh3+ 47. Kh2 g1Q+ 0-1

[Event "Wch Blitz"]
[Site "St Petersburg"]
[Date "2018.12.30"]
[Round "13"]
[White "Geller, Jakov"]
[Black "Fakhrutdinov, Timur"]
[Result "1/2-1/2"]
[WhiteElo "2518"]
[BlackElo "2481"]
[PlyCount "152"]
[EventDate "2018.12.29"]
[EventType "swiss (blitz)"]
[EventRounds "21"]
[EventCountry "RUS"]
[SourceTitle "CBM 187 Extra"]
[Source "ChessBase"]
[SourceDate "2018.11.04"]
[SourceVersion "1"]
[SourceVersionDate "2018.11.04"]
[SourceQuality "1"]

1. e4 e5 2. Nf3 Nc6 3. Bc4 Bc5 4. d3 Nf6 5. 0-0 d6 6. c3 a6 7. Bb3 Ba7 8. Nbd2 0-0 9. h3 Be6 10. Bc2 d5 11. exd5 Nxd5 12. Re1 Re8 13. Ne4 f6 14. Bd2 Qd7 15. a4 Rad8 16. Qe2 Bf7 17. b4 Nce7 18. a5 Ng6 19. Qf1 Ndf4 20. Be3 Bxe3 21. Rxe3 Nd5 22. Ree1 Qc6 23. Ba4 b5 24. axb6 Qxb6 25. Bxe8 Rxe8 26. d4 exd4 27. Nxd4 Nxc3 28. Nxc3 Qxd4 29. Rxe8+ Bxe8 30. Qe1 Ne5 31. Rxa6 Qxb4 32. Ra8 Kf7 33. Qd2 Bc6 34. Rc8 Qa5 35. f4 Nc4 36. Qd8 Qxc3 37. Qxc7+ Kg6 38. Qxc6 Qe3+ 39. Kh1 Qc1+ 40. Kh2 Qxf4+ 41. g3 Qf2+ 42. Qg2 Qxg2+ 43. Kxg2 Ne5 44. Rc7 h5 45. Kf2 Kh6 46. Ke3 Kg6 47. Kf4 Nd3+ 48. Ke4 Ne5 49. Ra7 Nf7 50. Kd5 Ng5 51. h4 Nf7 52. Ke6 Nh6 53. Ke7 Nf5+ 54. Kf8 Kh6 55. Kg8 g5 56. Kf7 gxh4 57. gxh4 Nxh4 58. Kxf6 Nf3 59. Ra8 Kh7 60. Rd8 Nh2 61. Kg5 Kg7 62. Rd7+ Kf8 63. Kxh5 Nf3 64. Rd5 Ke7 65. Kg4 Ke6 66. Ra5 Ne5+ 67. Kf4 Ng6+ 68. Ke4 Kf6 69. Ra6+ Kg5 70. Rb6 Ne7 71. Ke5 Ng6+ 72. Ke6 Nf4+ 73. Kf7 Kf5 74. Rb5+ Ke4 75. Kf6 Nd5+ 76. Kg5 Ne3 1/2-1/2